|
|
|
|
| LEADER |
02267nam a22004815i 4500 |
| 001 |
978-0-306-46804-9 |
| 003 |
DE-He213 |
| 005 |
20151204165635.0 |
| 007 |
cr nn 008mamaa |
| 008 |
100301s2002 xxu| s |||| 0|eng d |
| 020 |
|
|
|a 9780306468049
|9 978-0-306-46804-9
|
| 024 |
7 |
|
|a 10.1007/b111094
|2 doi
|
| 040 |
|
|
|d GrThAP
|
| 050 |
|
4 |
|a RC109-216
|
| 072 |
|
7 |
|a MJCJ
|2 bicssc
|
| 072 |
|
7 |
|a MED022090
|2 bisacsh
|
| 082 |
0 |
4 |
|a 616.9
|2 23
|
| 245 |
1 |
0 |
|a Rickettsial Infection and Immunity
|h [electronic resource] /
|c edited by Burt Anderson, Herman Friedman, Mauro Bendinelli.
|
| 264 |
|
1 |
|a Boston, MA :
|b Springer US,
|c 2002.
|
| 300 |
|
|
|a XVII, 245 p.
|b online resource.
|
| 336 |
|
|
|a text
|b txt
|2 rdacontent
|
| 337 |
|
|
|a computer
|b c
|2 rdamedia
|
| 338 |
|
|
|a online resource
|b cr
|2 rdacarrier
|
| 347 |
|
|
|a text file
|b PDF
|2 rda
|
| 490 |
1 |
|
|a Infectious Agents and Pathogenesis,
|x 1075-1289
|
| 505 |
0 |
|
|a Molecular Rickettsiology -- Immunity to Rickettsiae (Redux) -- Cytokines Influencing Infections by Rickettsia Species -- Global Genetic Diversity of Spotted Fever Group Rickettsiae -- Surface Components of the Spotted Fever Group Rickettsiae -- Oxidative Cell Injury and Spotted Fever Group Rickettsiae -- Intracellular Development of Coxiella burnetii -- The Identification of Virulence Factors of Coxiella burnetti -- Human Granulocytic Ehrlichiosis -- The Immune Response to Ehrlichia chaffeensis -- Clinical Aspects of Bartonella Infections -- Virulence Determinants of Bartonella bacilliformis -- Stimulation of Angiogenesis and Protection from Oxidant Damage.
|
| 650 |
|
0 |
|a Medicine.
|
| 650 |
|
0 |
|a Infectious diseases.
|
| 650 |
|
0 |
|a Biochemistry.
|
| 650 |
1 |
4 |
|a Medicine & Public Health.
|
| 650 |
2 |
4 |
|a Infectious Diseases.
|
| 650 |
2 |
4 |
|a Biochemistry, general.
|
| 700 |
1 |
|
|a Anderson, Burt.
|e editor.
|
| 700 |
1 |
|
|a Friedman, Herman.
|e editor.
|
| 700 |
1 |
|
|a Bendinelli, Mauro.
|e editor.
|
| 710 |
2 |
|
|a SpringerLink (Online service)
|
| 773 |
0 |
|
|t Springer eBooks
|
| 776 |
0 |
8 |
|i Printed edition:
|z 9780306455285
|
| 830 |
|
0 |
|a Infectious Agents and Pathogenesis,
|x 1075-1289
|
| 856 |
4 |
0 |
|u http://dx.doi.org/10.1007/b111094
|z Full Text via HEAL-Link
|
| 912 |
|
|
|a ZDB-2-SBL
|
| 912 |
|
|
|a ZDB-2-BAE
|
| 950 |
|
|
|a Biomedical and Life Sciences (Springer-11642)
|